مناهج الأدلة في عقائد الملة: (Record no. 6940)
[ view plain ]
| 000 -الفاتح | |
|---|---|
| حقل البيانات ثابتة الطول | 00770nac a22001691u 4500 |
| 008 - عناصر البيانات ثابتة الطول - معلومات عامة | |
| حقل البيانات ثابتة الطول | 100725s ua|||||r|||| 001 0 ara d |
| 082 ## - رقم تصنيف ديوى العشرى | |
| رقم المادة | ر ش د |
| رقم التصنيف | 240 |
| رقم الطبعة | 22 |
| 245 ## - بيان العنوان | |
| العنوان | مناهج الأدلة في عقائد الملة: |
| بقية العنوان | مع مقدمة في نقد مدارس علم الكلام/ |
| بيان المسئوليه,etc | ابن رشد ; تقديم وتحقيق محمود قاسم |
| 250 ## - بيان الطبعة | |
| بيان الطبعة | ط2 |
| 260 ## - PUBLICATION, DISTRIBUTION, ETC. (IMPRINT) | |
| مكان الناشر او الموزع | القاهرة: |
| اسم الناشر او الموزع | مكتبة الأنجلو المصرية ، 1964 |
| تاريخ النشر أو التوزيع | c1964. |
| 300 ## - الوصف المادى | |
| التعداد | 259 ص ; |
| أبعاد الوعاء | 24 سم |
| 490 ## - بيان السلسلة | |
| -- | 16669 |
| عنوان السلسلة | سلسلة في الدراسات الفلسفية والأخلاقية |
| 504 ## - تبصرة ببليوجرافية | |
| تبصرة ببليوجرافية,الخ | يحتوي على مراجع ببليوجرافية وكشاف |
| 511 ## - | |
| -- | Catalogued by: Sara |
| 541 ## - تبصرة المصدر المباشر للتزويد | |
| مصدر التزويد | ألف باء ; |
| طريقة التزويد | شراء ; |
| 942 ## - عناصر المدخل الإضافي( كوها) | |
| Koha [default] item type | Book - Borrowing |
| سابقة رقم الطلب | 240 ر ش د |
| مصدر التصنيف او مخطط الترفيف | Dewey Decimal Classification |
| حالة التراجع | حالة الفقد | مصدر التصنيف او خطة الترفيف | حالة تلف | ليس للاعارة | مجموعات كوها | المكان الدائم | المكان الحالي | موقع الترفيف | تاريخ الاكتساب | Source of acquisition | رقم الاستدعاء | الباركود | Date last seen | نوع الوعاء |
|---|---|---|---|---|---|---|---|---|---|---|---|---|---|---|
| Dewey Decimal Classification | Alef-Baa | Central Library | Central Library | Lower Floor | 25/07/2010 | 240 ر ش د | 000008600 | 15/07/2025 | Book - Borrowing |